Pelsőcz, 1883. decz. 5

Bibliographic Details
Main Author: -L. (Author)
Format: Article
Language:Hungarian
Slovak
Subjects:

MARC

LEADER 00000nab a2200000 a 4500
001 vtls000998292
003 SK-MaSNL
005 20260319073941.0
008 040720e18830000xo 0 hun
035 |a RVH900 
040 |a RVGKPD  |b slo  |c RVGKPD  |e AACR2 
041 0 |a slo 
044 |a xo  |c SK 
080 |a 371  |2 1981 
100 0 |a -L.  |4 aut  |9 876863 
245 1 0 |a Pelsőcz, 1883. decz. 5 
650 0 7 |a školstvo  |2 RVGKPD  |9 19712 
651 7 |a Plešivec (Slovensko)  |2 RVGKPD  |9 29311 
655 7 |a periodikum  |2 snkbucl  |9 29553 
773 0 8 |t Rozsnyói Hiradó  |g Roč. 6, č.50, 16.12.1883, s. 1, 2 
852 |a ZVYKNI  |b KIS3GCP 
999 |c 1683708  |d 1685638